000 00660nam a2200229Ia 4500
008 160517s9999 xx 000 0 und d
020 _a971-668-012-0
050 _aFIL DS 653.7
050 _b.V45 1996
100 _aVelasco, Rheno A.
245 _aTalambuhay ng mga pangulo :
245 _brepublika ng Pilipinas (para sa mga mag-aaral) /
245 _ctinipon at sinaliksik ni Rheno A. Velasco.
260 _aManila :
260 _bLoacan Pub. House,
260 _c1996
300 _a107 pages :
300 _billustrations ;
300 _c20 cm.
650 _aPresidents -- Philippines.
650 _xPresidents -- Philippines -- Biography.
999 _c294082
_d294082